| 000 | 01381cam a22003257a 4500 | ||
|---|---|---|---|
| 001 | 14960659 | ||
| 003 | USPCAS-E | ||
| 005 | 20180118181422.0 | ||
| 008 | 070810s2009 nyuab b 001 0 eng d | ||
| 010 | _a 2007935037 | ||
| 020 | _a9781563675256 | ||
| 020 | _a1563675250 | ||
| 035 | _a(OCoLC)ocn213400997 | ||
| 040 |
_aYDXCP _cYDXCP _dBWX _dOCLCQ _dBON _dDLC |
||
| 042 | _alccopycat | ||
| 050 | 0 | 0 |
_aTH880 _b.K67 2009 |
| 082 |
_222 _a720.47 _bKOP-H 2009 |
||
| 100 | 1 | _aKopec, David Alan. | |
| 245 | 1 | 0 |
_aHealth, sustainability, and the built environment / _cDak Kopec. |
| 260 |
_aNew York : _bFairchild Books, _cc2009. |
||
| 300 |
_axii, 340 p. : _bill. (chiefly col.), col. maps ; _c29 cm. |
||
| 502 | _a. | ||
| 504 | _aIncludes bibliographical references and index. | ||
| 505 | 0 | _aEnvironmental health and sustainability -- Overview of the human body -- Common environmentally related diseases and conditions -- Common contaminants in the built environment -- Indoor climate -- Energy systems -- Ergonomics -- Creating healthy environments for specific populations -- Safety considerations -- Promoting healthy lifestyles. | |
| 650 | 0 |
_aSustainable buildings _xDesign and construction. |
|
| 650 | 0 | _aSustainable architecture. | |
| 906 |
_a7 _bcbc _ccopycat _d2 _encip _f20 _gy-gencatlg |
||
| 942 |
_2ddc _cBK |
||
| 999 |
_c356046 _d356046 |
||